| 000 | 00626nam a2200181 a 4500 | ||
|---|---|---|---|
| 001 | BRL_1948 | ||
| 005 | 20190320211440.0 | ||
| 050 | 4 |
_aNK844 _b.B45 |
|
| 100 | 1 |
_aBeltrán, Alberto _99572 |
|
| 245 | 1 | 0 |
_aLa pintura popular de México _cAlberto Beltrán ; revisión y actualización Marco Buenrostro. |
| 260 |
_aMéxico _bFONART Fondo Nacional para el Fomento de las Artesanías _c2009 |
||
| 300 |
_a31 p. _bil. _c21 cm. |
||
| 440 | 0 |
_aArtesanías tradicionales. Apuntes monográficos _927490 |
|
| 650 | 1 | 4 |
_aArte popular _zMéxico _9882 |
| 650 | 1 | 4 |
_aPintura _zMéxico _911995 |
| 700 | 1 |
_aBuenrostro, Marco _911025 |
|
| 942 |
_2lcc _cB |
||
| 999 |
_c10755 _d10755 |
||